| 000 | 00524nam a22001937a 4500 | ||
|---|---|---|---|
| 003 | KOHA_MİRAKIL | ||
| 005 | 20251110160129.0 | ||
| 008 | 251110b tu ||||| |||| 00| 0 tur d | ||
| 020 | _a9789750725845 | ||
| 040 |
_aTR-AnABB _btur _cTR-AnABB |
||
| 041 | _atur | ||
| 082 |
_a813.42 _bBAY 2021 |
||
| 100 | 1 | _aBaydar, Oya, | |
| 245 | 1 | 0 |
_aElveda Alyoşa / _cOya Baydar |
| 260 |
_aİstanbul : _bCan Sanat Yayınları, _c2021 |
||
| 300 |
_a147 sayfa ; _c21 cm |
||
| 650 | 0 | 4 | _aTürk edebiyatı, roman |
| 942 |
_2ddc _cBK |
||
| 999 |
_c9318 _d9318 |
||
| 900 | _bGizem YORULMAZ | ||